00250 a2200109 4500001000700000020002200007040001100029240004400040245003900084300000800123362000900131188476 a978-85-7635-441-3 cMagnum10aMeu primeiro larousse: como se fazlpor10aMeu primeiro larousse: como se faz a1510 a2008